000
00235 a2200109 4500
001
58828
082
_a
629.13309COO
090
_c
36131
_d
36131
100
_a
Combs, LFE
245
_a
Aircraft cockpit
260
_a
UK
_b
Stephen
_c
1990
942
_a
NUST-CAE
_k
629.13309COO
999
_c
293901
_d
293901